Most streamed songs : Good Charlotte - Statistics

General Stats
  • This quiz has been taken 6 times
  • The average score is 9 of 20
Answer Stats
Rank Number of streams Song Album/EP % Correct
1. 526 573 539 The Anthem The Young and The Hopeless
100%
11. 18 932 155 Hold On The Young and The Hopeless
75%
5. 120 911 964 I Just Wanna Live The Chronicles of Life and Death
75%
2. 265 240 519 Lifestyles of the Rich & Famous The Young and The Hopeless
75%
7. 83 705 331 Little Things Good Charlotte
75%
15. 14 494 311 Predictable The Chronicles of Life and Death
75%
4. 140 932 449 The River Good Morning Revival
75%
6. 106 391 966 Girls & Boys The Young and The Hopeless
50%
3. 150 067 985 I Don't Wanna Be In Love (Dance Floor Anthem) Good Morning Revival
50%
13. 16 881 115 The Young & the Hopeless The Young and The Hopeless
50%
10. 20 305 813 Keep Your Hands Off My Girl Good Morning Revival
25%
9. 21 098 815 Last Night Cardiology
25%
20. 9 645 767 Sex On The Radio Cardiology
25%
18. 11 578 661 The Chronicles of Life and Death The Chronicles of Life and Death
25%
12. 18 717 707 We Believe The Chronicles of Life and Death
25%
14. 14 864 040 Wondering The Young and The Hopeless
25%
17. 11 741 312 Awful Things Single release
0%
8. 21 438 644 Like It's Her Birthday Cardiology
0%
19. 10 583 344 My Bloody Valentine The Young and The Hopeless
0%
16. 13 205 561 Riot Girl The Young and The Hopeless
0%
No matching quizzes found
Score Distribution
Percent of People with Each Score
Percentile by Number Answered
Your Score History
You have not taken this quiz